Obras completas. volumen xii /

Guardado en:
Autor Principal: Darío, Rubén, Seud.
Formato: Libro
Publicado: Madrid : Hern ndez, 1925
Materias:
Etiquetas: Agregar Etiqueta
Sin Etiquetas, Sea el primero en etiquetar este registro!
LEADER 00533nam a22001815a 4500
001 CEM.cems001952
005 20060215000000.0
008 130507s1925##################000#0#####d
003 CEMS
082 0 4 |a N860 
100 1 |a Darío, Rubén, Seud. 
245 1 0 |a Obras completas. volumen xii /  |c Rubén Darío 
260 |a Madrid :  |b Hern ndez,  |c 1925 
300 |a 232 p. 
505 0 |a Impresiones y sensaciones.- 
653 |a Literatura 
653 |a Literatura hispanoamericana 
859 |a CEMS  |b BIB. CEMS - 11 de abril  |h N860  |i D248/XII  |p 10059.81  |t Ej.1